Statistics for Lord of the Rings Characters by Picture

Click here to take the quiz!

General Stats

  • This quiz has been taken 19,845 times
  • The average score is 16 of 20

Answer Stats

Answer% Correct
Frodo
99%
Gandalf
97%
Sam
96%
Sméagol/Gollum
95%
Legolas
93%
Aragorn
91%
Bilbo
91%
Pippin
88%
Gimli
86%
Saruman
85%
Sauron
83%
Merry
81%
Boromir
80%
Galadriel
72%
Faramir
67%
Elrond
66%
Arwen
60%
Éowyn
51%
Théoden
50%
Éomer
40%

Score Distribution

Percentile by Number Answered

Percent of People with Each Score

Your Score History

You have not taken this quiz